[Event "Mumbai Wealth op"]
[Site "Mumbai"]
[Date "2016.01.31"]
[Round "4"]
[White "Kadav, Omkar"]
[Black "Matta, Vinay Kumar"]
[Result "0-1"]
[WhiteElo "1876"]
[BlackElo "2163"]
[PlyCount "98"]
[EventDate "2016.01.28"]
[EventType "swiss"]
[EventRounds "9"]
[EventCountry "IND"]
[SourceTitle "CBM 170 Extra"]
[Source "ChessBase"]
[SourceDate "2016.02.25"]
[SourceVersion "1"]
[SourceVersionDate "2016.02.25"]
[SourceQuality "1"]

1. e4 e6 2. d4 c5 3. Nf3 cxd4 4. Nxd4 Nf6 5. Bd3 Nc6 6. Nxc6 dxc6 7. Nd2 e5 8. 0-0 Bc5 9. Nc4 Qc7 10. Kh1 Be6 11. Qe1 b5 12. Ne3 Rd8 13. a4 a6 14. axb5 axb5 15. Bd2 0-0 16. Ba5 Bb6 17. Qc3 Rd4 18. f3 b4 19. Bxb6 Qxb6 20. Qe1 c5 21. b3 Qd8 22. Bc4 Re8 23. Bxe6 Rxe6 24. Nf5 Rd7 25. Rd1 g6 26. Rxd7 Qxd7 27. Ne3 Qd4 28. Nc4 Ra6 29. Qc1 Kg7 30. Rd1 Qc3 31. Qd2 Ra1 32. Qe2 Ra2 33. Rc1 Nd7 34. Qe3 Rxc2 35. Qxc3 Rxc3 36. Rb1 f6 37. Kg1 Nf8 38. Rb2 Ne6 39. Kf2 Nf4 40. Kg3 Ne6 41. Kf2 Nd4 42. Na5 Kf7 43. Ke1 f5 44. exf5 gxf5 45. Nc4 Ke6 46. Nd2 Kd5 47. Kd1 e4 48. fxe4+ fxe4 49. Nc4 Nxb3 0-1

[Event "IND-ch U25"]
[Site "Kankarbagh"]
[Date "2015.10.17"]
[Round "7"]
[White "Kadav, Omkar"]
[Black "Sharma, Vivek"]
[Result "1-0"]
[WhiteElo "1838"]
[BlackElo "1490"]
[PlyCount "115"]
[EventDate "2015.10.13"]
[EventType "swiss"]
[EventRounds "9"]
[EventCountry "IND"]
[SourceTitle "CBM 168 Extra"]
[Source "ChessBase"]
[SourceDate "2015.10.29"]
[SourceVersion "1"]
[SourceVersionDate "2015.10.29"]
[SourceQuality "1"]

1. e4 e5 2. Nf3 Nc6 3. Bb5 a6 4. Ba4 Nf6 5. 0-0 Be7 6. Qe2 b5 7. Bb3 0-0 8. c3 d5 9. d3 Bg4 10. h3 Bxf3 11. Qxf3 d4 12. Nd2 a5 13. a4 b4 14. cxb4 Nxb4 15. Rd1 Nd7 16. Nf1 Nc5 17. Bc4 Rb8 18. b3 Bg5 19. Ng3 Bxc1 20. Rdxc1 Qg5 21. Nf5 g6 22. h4 Qf4 23. Qxf4 exf4 24. Nxd4 Rfd8 25. Ne2 Nbxd3 26. Rc3 Rd7 27. Bb5 Rd6 28. Nxf4 Nxf4 29. Rxc5 Ne6 30. Re5 Nd4 31. Bc4 Kf8 32. Rxa5 Nxb3 33. Bxb3 Rxb3 34. Rc5 Rb4 35. Rxc7 Ra6 36. f3 Rbxa4 37. Rxa4 Rxa4 38. Kh2 f5 39. exf5 Rxh4+ 40. Kg3 g5 41. Kf2 h5 42. Rh7 Kg8 43. Rh6 Rf4 44. Rxh5 Rxf5 45. Kg3 Kg7 46. Kg4 Rf4+ 47. Kxg5 Ra4 48. f4 Ra6 49. f5 Ra3 50. g4 Ra6 51. Rh2 Ra7 52. f6+ Kg8 53. Kg6 Rd7 54. Rb2 Rd8 55. Rb7 Rf8 56. Rg7+ Kh8 57. Rh7+ Kg8 58. f7+ 1-0